00542nam a2200181 a 450000100100000000500170001000800410002704000250006808200180009310000200011124500840013126000530021530000210026865000160028965000130030565000190031870000230033700002417620240510073819.0110119s1969 dr r 000 | spa d aDO-SdBNPbspacBNPHU a227.91bH323e1 aHarrop, Clayton13aLa epístola de Santiago /cClayton Harrop; traducción de Sara P. de Molina. a[s.l.] :bCasa Bautista de Publicaciones,c1969. a120 p. ;c18 cm. 4aEpístolas 4aSermones 0aVida cristiana1 aMolina, Sara P. de